Meest Bevolkte Landen in 2050 - Statistieken

Algemene statistieken
  • Deze quiz is 2.049 keer genomen
  • De gemiddelde score is 15 van 21
Antwoordstatistieken
Bevolking Land % Correct
1.438 mil China
100%
1.657 mil India
99%
398 mil Verenigde Staten
97%
238 mil Brazilië
93%
130 mil Rusland
93%
107 mil Japan
84%
151 mil Mexico
84%
327 mil Indonesië
80%
145 mil Democratische Republiek Congo
73%
402 mil Nigeria
73%
291 mil Pakistan
73%
138 mil Egypte
66%
201 mil Bangladesh
64%
107 mil Iran
64%
89 mil Turkije
64%
111 mil Vietnam
54%
228 mil Ethiopië
51%
77 mil Irak
50%
155 mil Filipijnen
49%
119 mil Tanzania
40%
94 mil Oeganda
21%
Geen overeenkomende quizzen gevonden
Scoreverdeling
Procent van Mensen met Elke Score
Percentiel versus Aantal Correcte Antwoorden
Uw Scoregeschiedenis
U heeft deze quiz nog niet genomen